Essentials of nephrology
Guardat en:
| Autor principal: | |
|---|---|
| Format: | Llibre |
| Idioma: | anglès |
| Publicat: |
CBS Publishers
2020
|
| Etiquetes: |
Afegir etiqueta
Sense etiquetes, Sigues el primer a etiquetar aquest registre!
|
MARC
| LEADER | 00000nam a22000007a 4500 | ||
|---|---|---|---|
| 008 | 230821b |||||||| |||| 00| 0 eng d | ||
| 020 | |a 9789388527736 | ||
| 100 | |a VISWESWARAN, R.Kasi | ||
| 245 | |a Essentials of nephrology |c R. Kasi Visweswaran |g xv, 511p;ill | ||
| 260 | |b CBS Publishers |c 2020 |h New Delhi |i 700357 |i 700358 |l RC902.V82 |m Nephrology |m Kidney diseases | ||
| 500 | |a it includes index | ||
| 942 | |a lcc |c BK |e Johnson |f 21/08/23 | ||
| 952 | |0 0 |1 0 |2 lcc |4 0 |6 RC0902 V82 |7 0 |9 4406 |a HE |b HOL |c QZ |d 2023-08-21 |l 0 |o RC902.V82 |p 2023-0330 |r 2023-08-21 00:00:00 |t 700357 |w 2023-08-21 |y BK | ||
| 952 | |0 0 |1 0 |2 lcc |4 0 |6 RC0902 V82 |7 0 |9 4407 |a HOL |b HOL |c QZ |d 2023-08-21 |l 0 |o RC902.V82 |p 2023-0331 |r 2023-08-21 00:00:00 |t 700358 |w 2023-08-21 |y BK | ||
| 999 | |c 2211 |d 2211 | ||